000 00662nam a2200169Ia 4500
008 110201s9999 xx 000 0 und d
082 _bB6853
_aBAL 1816
100 _aसहस्त्रबुध्दे रमेश के.
245 _aनिसर्ग मित्र भाग 2
260 _bशिव पब्लिकेशन्स
365 _b25
600 _aसहस्त्रबुध्दे रमेश के.
630 _aनिसर्ग मित्र भाग 2
700 _aसहस्त्रबुध्दे रमेश के.
730 _aनिसर्ग मित्र भाग 2
942 _cBOOK
999 _c832434
_d832431